Child psychology / (Record no. 146146)

MARC details
000 -LEADER
fixed length control field 00913nam a22002177a 4500
005 - DATE AND TIME OF LATEST TRANSACTION
control field 20180608120847.0
010 ## - LCCN (DPL NO)
LC control number 1718EN-30 B-689384-386
020 ## - INTERNATIONAL STANDARD BOOK NUMBER
International Standard Book Number 9789385622472
Terms of availability 995.00
035 ## - SYSTEM CONTROL NUMBER
System control number B-689384-386
037 ## - SOURCE OF ACQUISITION
Source of stock number/acquisition Signature Books
Stock number dpl
037 ## - SOURCE OF ACQUISITION
Source of stock number/acquisition Mount Hill Publishing
082 ## - DEWEY DECIMAL CLASSIFICATION NUMBER
Classification number 136.7
100 ## - MAIN ENTRY--PERSONAL NAME
Personal name Das, Ajay
245 ## - TITLE STATEMENT
Title Child psychology /
Statement of responsibility, etc by Ajay Das
260 ## - PUBLICATION, DISTRIBUTION, ETC. (IMPRINT)
Place of publication, distribution, etc Delhi
Name of publisher, distributor, etc Signature Books International
Date of publication, distribution, etc 2016
270 ## - ADDRESS
Address E-5/218, Street No.10, Near Hardan Public School, 5th Pusta, Sonia Vihar,
City Delhi
Postal code 110094
300 ## - PHYSICAL DESCRIPTION
Extent 248p
Dimensions 23cm(Hb)
500 ## - GENERAL NOTE
General note Includes bibliographical references and index
942 ## - ADDED ENTRY ELEMENTS (KOHA)
Source of classification or shelving scheme Dewey Decimal Classification
Item type English Books
Call number suffix DAS
Classification part 136.7
Holdings
Withdrawn status Lost status Not for loan Collection code Home library Current library Date acquired Source of acquisition Cost, normal purchase price Full call number Barcode Copy number Cost, replacement price Koha item type
      Non-fiction Ashok Vihar Ashok Vihar 08/06/2018 Mount Hill Publishing/21/05-12-17/662/20-11-17/30-01-18 995.00 155.4 DAS B-689385 1 995.00 English Books
      Non-fiction Central Library Central Library 08/06/2018 Mount Hill Publishing/21/05-12-17/662/20-11-17/30-01-18 995.00 136.7 DAS B-689384 1 995.00 English Books
      Non-fiction Sarojini Nagar Sarojini Nagar 08/06/2018 Mount Hill Publishing/21/05-12-17/662/20-11-17/30-01-18 995.00 136.7 DAS B-689386 1 995.00 English Books

© Delhi Public Library
Hit Counter
free hit counter